<?xml version="1.0" encoding="UTF-8"?>
<collection xmlns="http://www.loc.gov/MARC21/slim">
 <record>
  <leader>02230nta a2200169 i 4500</leader>
  <controlfield tag="001">dipl76583</controlfield>
  <controlfield tag="005">20190530123321.0</controlfield>
  <controlfield tag="008">190529s2001    hu      om    0||   eng d</controlfield>
  <datafield tag="040" ind1=" " ind2=" ">
   <subfield code="a">SZTE Diploma Repozitórium</subfield>
   <subfield code="b">hun</subfield>
  </datafield>
  <datafield tag="041" ind1=" " ind2=" ">
   <subfield code="a">eng</subfield>
  </datafield>
  <datafield tag="100" ind1="1" ind2=" ">
   <subfield code="a">Kollár Rita</subfield>
  </datafield>
  <datafield tag="245" ind1="1" ind2="0">
   <subfield code="a">East-Central European Immigration to the United States, 1880-1940</subfield>
   <subfield code="h">[elektronikus dokumentum] /</subfield>
   <subfield code="c">Rita Kollár</subfield>
  </datafield>
  <datafield tag="260" ind1=" " ind2=" ">
   <subfield code="c">2001</subfield>
  </datafield>
  <datafield tag="520" ind1="3" ind2=" ">
   <subfield code="a">After the &quot; American fever&quot;, which swept across Western Europe in the early and mid nighteenth century, bringing thousands of peasants, artisans, and professionals to the New World , at the end of the century new types of immigrants came to the United States of America. This new type of immigrant came from the East-Central and the Southern part of Europe, and this new way of emigration was mostly economic. Employment-seeking masses set out for America in a hope of better working conditions and a better life. Close to four million people arrived to the U.S. from the Austro-Hungarian Monarchy during the late nighteenth and the early twentieth centuries. Slovaks, Czechs, Hungarians, Poles, Rumanians and Croats came in the first place, but other nationalities living in the Monarchy were also represented. Poles also emigrated from the territory of Russia, as well as the Jews, one of the biggest ethnicity immigrating to the New World. In this thesis I will not examine all the East-Central European ethnic groups, but will concentrate on four of them: the Hungarian, Slovak, Czech, and Polish immigrants. I will compare the integration of these four East-Central European ethnic groups, and their contribution to American society. I am going to generalize those characteristic features they had in common, and will point out the specific features seperately. The sources I used during writing my thesis are mainly secondary sources, but thanks to the Edmund Vasvary Collection in the Somogyi Library in Szeged, I also had the opportunity to take a look into some primary sources, and to examine some original documents written by Hungarian immigrants.</subfield>
  </datafield>
  <datafield tag="650" ind1=" " ind2="4">
   <subfield code="a">Pedagógusképzés</subfield>
  </datafield>
  <datafield tag="700" ind1="1" ind2=" ">
   <subfield code="a">Csillag András</subfield>
   <subfield code="e">ths</subfield>
  </datafield>
  <datafield tag="856" ind1="4" ind2="0">
   <subfield code="u">http://diploma.bibl.u-szeged.hu/id/eprint/76583/1/2001_kollar_rita.pdf</subfield>
   <subfield code="z">Dokumentum-elérés </subfield>
  </datafield>
 </record>
</collection>
